000 00768nam a2200229 i 4500
001 C2-0118132
003 PPAK
005 20180727111029.0
008 970729s1986 my |||| ||||| | may d
040 _aPPAK
_beng
_cPPAK
_erda
082 0 4 _a320.9595112
_223
090 0 0 _a320.9595112
_bPOL
_dKK
245 0 0 _aPolitik di Baling
264 1 _aAlor Setar, Kedah :
_bPerbadanan Perpustakaan Awam Kedah ,
_c[1986]
300 _a15 pages ;
_c30 cm
336 _2rdacontent
_atext
337 _2rdamedia
_aunmediated
338 _2rdacarrier
_avolume
500 _aPK 82/86 ; Temubual oleh En. Kamarul Zaman Bakar, En. Noor Azam Jamaludin & En. Abd. Razak Hassan dengan Dato' Shafie Abdullah ; Transkripsi
650 1 0 _aKedah - Politics and government
942 _ddc
_cB
999 _c32020
_d32020